|
|
|
|
| LEADER |
00000nam0a2200000 4500 |
| 001 |
30335 |
| 005 |
20231030203856.0 |
| 010 |
|
|
|a 5691002252
|
| 035 |
|
|
|a (RuTPU)RU\TPU\book\30605
|
| 035 |
|
|
|a BOOK00000133
|
| 090 |
|
|
|a 30335
|
| 100 |
|
|
|a 20011209d2000 m y0rusy50 ca
|
| 101 |
0 |
|
|a rus
|
| 102 |
|
|
|a RU
|
| 105 |
|
|
|a y j 001zy
|
| 200 |
1 |
|
|a Экономическая теория
|e учебник для вузов
|f С. С. Носова
|
| 210 |
|
|
|a Москва
|c Владос
|d 2000
|
| 215 |
|
|
|a 519 с.
|
| 225 |
1 |
|
|a Учебник для вузов
|
| 320 |
|
|
|a Библиогр.: с. 480.
|
| 320 |
|
|
|a Словарь: с. 481-510.
|
| 610 |
1 |
|
|a экономика
|
| 610 |
1 |
|
|a экономическая теория
|
| 610 |
1 |
|
|a рыночная экономика
|
| 610 |
1 |
|
|a микроэкономика
|
| 610 |
1 |
|
|a спрос
|
| 610 |
1 |
|
|a предложение
|
| 610 |
1 |
|
|a потребительское поведение
|
| 610 |
1 |
|
|a издержки
|
| 610 |
1 |
|
|a прибыль
|
| 610 |
1 |
|
|a конкуренция
|
| 610 |
1 |
|
|a монополии
|
| 610 |
1 |
|
|a олигопония
|
| 610 |
1 |
|
|a ресурсы
|
| 610 |
1 |
|
|a цены
|
| 610 |
1 |
|
|a земельная рента
|
| 610 |
1 |
|
|a ссуды
|
| 610 |
1 |
|
|a макроэкономика
|
| 610 |
1 |
|
|a доходы
|
| 610 |
1 |
|
|a мультипликатор
|
| 610 |
1 |
|
|a экономические циклы
|
| 610 |
1 |
|
|a акселерация
|
| 610 |
1 |
|
|a инфляция
|
| 610 |
1 |
|
|a кривая Лаффера
|
| 610 |
1 |
|
|a кривая Филлипса
|
| 610 |
1 |
|
|a переходная экономика
|
| 610 |
1 |
|
|a Россия
|
| 610 |
1 |
|
|a приватизация
|
| 610 |
1 |
|
|a реформы
|
| 610 |
1 |
|
|a занятость
|
| 610 |
1 |
|
|a банковская система
|
| 610 |
1 |
|
|a экономический кризис
|
| 610 |
1 |
|
|a учебные пособия
|
| 686 |
|
|
|a У011я73
|v LBC/SL-A
|2 rubbk
|
| 700 |
|
1 |
|a Носова
|b С. С.
|g Светлана Сергеевна
|
| 801 |
|
0 |
|a RU
|b 63413507
|c 20011209
|g PSBO
|
| 801 |
|
2 |
|a RU
|b 63413507
|c 20091023
|g PSBO
|
| 942 |
|
|
|c BK
|